Lyrics to 'Bajo La Mesa' by Morat - Statistics

General Stats
  • This quiz has been taken 47 times
  • The average score is 312 of 317
Answer Stats
Answer % Correct
A
100%
a
100%
accidente
100%
algo
100%
amor
100%
aquí
100%
besos?
100%
besos
100%
cabeza
100%
casualidad
100%
cerveza
100%
¿Cómo
100%
Como
100%
confirman
100%
conmigo
100%
contigo
100%
corazón
100%
de
100%
debajo
100%
Debí
100%
decir
100%
delante
100%
destreza
100%
diré
100%
en
100%
error
100%
es
100%
estás
100%
este
100%
esto
100%
estoy
100%
estrellas
100%
fue
100%
gente
100%
hablar
100%
hablarte
100%
jamás
100%
la
100%
las
100%
leer
100%
lo
100%
madrugada
100%
me
100%
menos
100%
mente
100%
mesa
100%
mi
100%
100%
mirada
100%
modo
100%
muriendo
100%
nada
100%
negar
100%
ni
100%
No
100%
no
100%
nunca
100%
O
100%
ojos
100%
pareciera
100%
pasa
100%
perdí
100%
perdido
100%
Pero
100%
pero
100%
pies
100%
por
100%
¿Por
100%
Porque
100%
puedo
100%
que
100%
qué
100%
Que
100%
revivan
100%
sale
100%
100%
se
100%
seguiré
100%
si
100%
Si
100%
siente
100%
sientes
100%
sin
100%
suelo
100%
también
100%
te
100%
ti
100%
tienen
100%
todo
100%
todo?
100%
Toqué
100%
100%
tu
100%
100%
tus
100%
última
100%
un
100%
vas
100%
ve
100%
verdad
100%
Y
100%
y
100%
ya
100%
Yo
100%
yo
100%
bien
83%
cuando
83%
diferente
83%
digo
83%
el
83%
encuentres
83%
Eso
83%
niegues
83%
olvido
83%
Otra
83%
palabras
83%
pierden
83%
quiero
83%
Quise
83%
sabes
83%
sorprendas
83%
vez
83%
dos
67%
ensayarlo
67%
perdieron
67%
pienso
67%
Solamente
67%
No matching quizzes found
Score Distribution
Percent of People with Each Score
Percentile by Number Answered
Your Score History
You have not taken this quiz